Fundamentals of Computers (Record no. 10447)

MARC details
000 -LEADER
fixed length control field 00378nam a22001577a 4500
003 - CONTROL NUMBER IDENTIFIER
control field OSt
008 - FIXED-LENGTH DATA ELEMENTS--GENERAL INFORMATION
fixed length control field 210211b ||||| |||| 00| 0 eng d
020 ## - INTERNATIONAL STANDARD BOOK NUMBER
International Standard Book Number 9780070141605
100 ## - MAIN ENTRY--PERSONAL NAME
Personal name Balagurusamy, E
245 ## - TITLE STATEMENT
Title Fundamentals of Computers
250 ## - EDITION STATEMENT
Edition statement 1st Ed and 23rd Reprint 2020
260 ## - PUBLICATION, DISTRIBUTION, ETC. (IMPRINT)
Place of publication, distribution, etc New Delhi
Name of publisher, distributor, etc TMH
Date of publication, distribution, etc 2020
300 ## - PHYSICAL DESCRIPTION
Extent 476
650 ## - SUBJECT ADDED ENTRY--TOPICAL TERM
Topical term or geographic name as entry element BCA
942 ## - ADDED ENTRY ELEMENTS (KOHA)
Source of classification or shelving scheme Dewey Decimal Classification
Koha item type Text Books
942 ## - ADDED ENTRY ELEMENTS (KOHA)
-- 25
Holdings
Withdrawn status Lost status Source of classification or shelving scheme Damaged status Not for loan Collection code Home library Current library Date acquired Source of acquisition Currency Cost, normal purchase price Bill Number Total Checkouts Full call number Acc. no. / Barcode Date last seen Date last borrowed Actual Cost, discounted price Bill Date Koha item type Checked out
    Dewey Decimal Classification     BCA PIET C-LIBRARY PIET C-LIBRARY 11/02/2021 Kirti Praskshan IN Rupees 500.00 IN1460 8 004 BAF BC1518 23/12/2025 08/12/2025 340.00 02/02/2021 Text Books  
    Dewey Decimal Classification     BCA PIET C-LIBRARY PIET C-LIBRARY 11/02/2021 Kirti Praskshan IN Rupees 500.00 IN1460 15 004 BAF BC1519 18/09/2024 18/09/2024 340.00 02/02/2021 Text Books 03/10/2024
    Dewey Decimal Classification     BCA PIET C-LIBRARY PIET C-LIBRARY 11/02/2021 Kirti Praskshan IN Rupees 500.00 IN1460 22 004 BAF BC1520 23/12/2025 08/12/2025 340.00 02/02/2021 Text Books  

Design & Developed by: PIET Central Library
R70 Miles Stone Pattikalyana Samalkha Panipat 132102
mail ID :- [email protected], Phone No:- 0180-2569700 Ex.216